Nickelback - Edge of a Revolution Lyrics - Statistics

General Stats
  • This quiz has been taken 64 times
  • The average score is 20 of 23
Answer Stats
Hint Answer % Correct
Standing on the edge of a _____ Revolution
100%
Yeah, we're standing on the edge of a _____ Revolution
100%
'Cause we're standing on the edge of a _____ Revolution
100%
Standing on the edge of a _____ Revolution
100%
Standing on the edge of a _____ Revolution
100%
In god we trust or the __ CIA
96%
'Cause it's time we all relied on the last ____ Solution
94%
No, we can't turn back, we can't turn __ Away
92%
No, we wont __ up, we wont go away Give
92%
Can't keep fed if I can't get __ Paid
92%
Same __, different day Shit
92%
No, we don't wanna hear another __ you say Word
92%
We'll all be __ if the shit don't change Dead
90%
Your secrets safe with the __ NSA
90%
Head high, ____ line Protest
90%
'Cause we know they're all depending on mass _____ Confusion
86%
____ scribbled on your sign Freedom
86%
Wall Street, ___ thief Common
82%
Hey, hey, just __ Obey
78%
____, NewYork Times Headline
76%
When they get ___ they all go free Caught
73%
'Cause we're not about o live in this mass ____ Delusion
71%
A brand new ___ and a finders fee Yacht
71%
No matching quizzes found
Score Distribution
Percent of People with Each Score
Percentile by Number Answered
Your Score History
You have not taken this quiz